00540nam a2200121Ia 45000010005000000080041000050820028000461000123000742450154001972600024003519010028003759990015004033482241024s9999 xx 000 0 und d aRD/336.97293/R426r/2011 aRepública Dominicana. Ministerio de Economía, Planificación y Desarrollo. Consejo Nacional de Reforma del Estado 0aREsultados de la consulta de la propuesta de estratégia nacional de desarrollo 2010-2030. Documento de consolidación de sugerencias y propuestas. bSanto Domingoc2011 a22/11/2013 9:35:47 a.m. c9652d9652